00597nam a22002057a 450000500170000001000130001702000270003003500130005703500170007003700150008703700160010208200080011810000170012624500680014325000120021126000700022327000530029330000210034650000240036720130610122044.0 aB-492660 a9788177585421c750.00  aB-492660 aB-524135-136 bAllied Pub bK.K.Pub/Ven a547 aFinar, I. L. aOrganic Chemistry :cby I. L. Finar bFundamental principles / a6th ed. aNew DelhibDorling Kindersley(India) with Pearson Educationc2013 a11, community centre, panchsheel ParkbNew Delhi a965pc25 cm (pb) aVol. -I Rs. 750.00